| 000 | 00564nam a22001817a 4500 | ||
|---|---|---|---|
| 003 | CEME | ||
| 005 | 20210628203146.0 | ||
| 008 | 210119b xxu||||| |||| 00| 0 eng d | ||
| 020 | _a81-312-0104-X | ||
| 040 | _cceme | ||
| 082 | _a516 KLE | ||
| 100 |
_aKlette, Reinhard , Rosenfeld , Azriel _963680 |
||
| 245 | _aDigital geometry , geometric methods for digital picture analysis | ||
| 260 |
_aNEW DELHI _bMORGAN KAUFMANN PUBLISHER _c2005 |
||
| 300 | _aXVIII,658 P | ||
| 650 |
_aGEOMETRY.GEOMETRIC METHODS FOR DIGITAL PICTURE ANALYSIS _963681 |
||
| 942 |
_cBK _2ddc |
||
| 999 |
_c572425 _d572425 |
||